Geography Quiz

Random Geography or State Quiz

10 Smallest US States Quiz Stats

 Plays Quiz Updated Mar 26, 2014

Support Sporcle.
Go Orange.
Score 0/10 Timer 02:00
6 Plays Today
% Correct
Rhode Island
97.7%
Delaware
96.4%
Connecticut
93.9%
Vermont
92.4%
New Hampshire
90.2%
Hawaii
88.4%
Maryland
86%
Massachusetts
83.2%
New Jersey
81.6%
West Virginia
51.4%

From the Vault

TV Debuts: 2009

by SporcleEXP

2009 was a pretty great year for television. Mostly.
Remove Ads.
Support Sporcle.
Get the best of Sporcle when you Go Orange. This ad-free experience offers more features, more stats, and more fun while also helping to support Sporcle. Thank you for becoming a member.

Show Comments

Extras

Top Quizzes Today


Score Distribution

Your Account Isn't Verified!

In order to create a playlist on Sporcle, you need to verify the email address you used during registration. Go to your Sporcle Settings to finish the process.

Report this User

Report this user for behavior that violates our Community Guidelines.

Details: